Распахни окно в Октябрь

Λεπτομέρειες βιβλιογραφικής εγγραφής
Κύριος συγγραφέας: Соломенко Е. Н. Евгений Николаевич
Γλώσσα:Ρωσικά
Έκδοση: Новосибирск, Книжное издательство, 1987
Θέματα:
Μορφή: Βιβλίο
KOHA link:https://koha.lib.tpu.ru/cgi-bin/koha/opac-detail.pl?biblionumber=133889

MARC

LEADER 00000nam0a2200000 4500
001 133889
005 20231031135455.0
020 |a RU  |b 87-73586 
035 |a (RuTPU)RU\TPU\book\145130 
090 |a 133889 
100 |a 20080322d1987 m a0rusy5003 ca 
101 0 |a rus 
102 |a RU 
105 |a y z 000zy 
200 1 |a Распахни окно в Октябрь  |f Е. Н. Соломенко 
210 |a Новосибирск  |c Книжное издательство  |d 1987 
215 |a 287 с. 
610 1 |a советский народ 
686 |a Ф3(2)6  |2 rubbk 
700 1 |a Соломенко  |b Е. Н.  |g Евгений Николаевич 
801 0 |a RU  |b RuMRKP  |c 19950417  |g psbo 
801 1 |a RU  |b 63413507  |c 20080322  |g PSBO 
801 2 |a RU  |b 63413507  |c 20090203  |g PSBO 
942 |c BK